| 000 | 00347nam a22001577a 4500 | ||
|---|---|---|---|
| 003 | SGT | ||
| 020 | _a9789327257854 | ||
| 082 | _a338.5,CHO | ||
| 100 | _aCHOPRA,P.N | ||
| 245 | _aMICRO ECONOMICS | ||
| 250 | _a1ST | ||
| 260 |
_aNEW DELHI _bKALYANI PUBLICATION _c2015 |
||
| 300 | _a858 | ||
| 650 | _aMICROECONOMICS, ECONOMICS | ||
| 942 |
_2ddc _cFCM _04 |
||
| 999 |
_c9866 _d9866 |
||